Top 32 popularité personnages Jujutsu Kaisen - Statistiques

Statistiques générales
  • Ce quiz a été pris 2 776 fois
  • Le résultat moyen est 19 sur 32
Statistiques - réponses
Place Votes Personnages % Correct
2 14 359 Satoru Gojo
99%
3 13 265 Yuji Itadori
98%
1 19 393 Megumi Fushiguro
96%
13 1 977 Ryomen Sukuna
93%
26 264 Yu Haibara
92%
11 2 152 Nobara Kugisaki
91%
4 10 345 Suguru Geto
86%
12 2 038 Maki Zenin
85%
18 474 Panda
84%
5 5 548 Kento Nanami
79%
8 3 976 Yuta Okkotsu
78%
19 449 Mahito
76%
14 1 024 Aoi Todo
74%
22 380 Jogo
74%
9 3 384 Toji Fushiguro
74%
6 5 052 Toge Inumaki
67%
23 374 Mai Zenin
65%
27 214 Mei Mei
60%
7 4 757 Choso
52%
25 270 Kokichi Muta
50%
31 107 Kenjaku
47%
17 485 Kasumi Miwa
36%
30 118 Rika Orimoto
36%
24 348 Shoko Ieiri
36%
15 764 Utahime Iori
33%
20 406 Junpei Yoshino
28%
16 489 Noritoshi Kamo
28%
32 81 Momo Nishimiya
25%
10 2 935 Naoya Zenin
25%
28 201 Takuma Ino
14%
21 396 Gege Akutami
11%
29 188 Kiyotaka Ijichi
10%
Aucun quiz correspondant
Distribution des résultats
% des personnes avec chaque résultat
Percentile par nombre de réponses
Votre historique - résultats
Vous n’avez pas pris ce quiz